000 00650nam a2200253Ia 4500
001 Para_9625
003 CHAP
008 220125s2007 xx 000 0 und d
010 _a208299
040 _cCHAP
082 _aPA 631.53 T66
100 _aToogood, Alan
_9113888
245 _aEnciclopedia de la propagación de plantas /
_c Alan Toogood
260 _aEspaña :
_b Blume
300 _a320 p.
650 _aPropagación de plantas
_992417
901 _aPA 631.53 T66
902 _aM
905 _a5231272007 sp a 8182223321spa11
910 _a2007
942 _cPARA
942 _cPARA
_d1
999 _c208299
_d208299